Sports Quiz

Random Sports or Tennis Quiz

US Open Runner-Up (Women) Quiz Stats

Quiz Updated Jan 24, 2018

Challenge
Share
Tweet
Embed
Score 0/50 Timer 05:00
5 Plays Today
Year Runner-Up % Correct
2001Serena Williams
99.1%
2011Serena Williams
99%
1997Venus Williams
98.9%
2002Venus Williams
98.9%
1987Steffi Graf
89.8%
1990Steffi Graf
89.8%
1994Steffi Graf
89.8%
1981Martina Navrátilová
88%
1985Martina Navrátilová
88%
1989Martina Navrátilová
88%
1991Martina Navrátilová
88%
1995Monica Seles
86.8%
1996Monica Seles
86.8%
1998Martina Hingis
85.7%
1999Martina Hingis
85.7%
2000Lindsay Davenport
84.1%
1979Chris Evert
83.6%
1983Chris Evert
83.6%
1984Chris Evert
83.6%
1968Billie Jean King
76.8%
1992Arantxa Sánchez Vicario
76.8%
2006Justine Henin
74.1%
1988Gabriela Sabatini
73.7%
2003Kim Clijsters
66.4%
1980Hana Mandlíková
59.2%
Year Runner-Up % Correct
1982Hana Mandlíková
59.2%
2013Victoria Azarenka
52%
2012Victoria Azarenka
52%
2014Caroline Wozniacki
46.1%
1973Evonne Goolagong Cawley
45.4%
1974Evonne Goolagong Cawley
45.4%
1975Evonne Goolagong Cawley
45.4%
1976Evonne Goolagong Cawley
45.4%
2009Caroline Wozniacki
41.8%
2017Madison Keys
39.4%
2005Mary Pierce
36.8%
2007Svetlana Kuznetsova
36.4%
2015Roberta Vinci
35.8%
2008Jelena Janković
34.6%
2016Karolína Plíšková
32.4%
2004Elena Dementieva
28%
2010Vera Zvonareva
20.2%
1978Pam Shriver
18.8%
1986Helena Suková
13.9%
1993Helena Suková
13.9%
1970Rosemary Casals
10.3%
1971Rosemary Casals
10.3%
1977Wendy Turnbull
7.9%
1972Kerry Melville Reid
6.5%
1969Nancy Richey Gunter
6.1%

You're not logged in!

Compare scores with friends on all Sporcle quizzes.
Join for Free
OR
Log In

You Might Also Like...

Show Comments

Extras

Top Quizzes Today


Score Distribution

Your Account Isn't Verified!

In order to create a playlist on Sporcle, you need to verify the email address you used during registration. Go to your Sporcle Settings to finish the process.

Report this User

Report this user for behavior that violates our Community Guidelines.

Details: